Music Quiz

Random Music or Lyrics Quiz

'4AM' Lyrics Quiz Stats

 Plays Quiz not verified by Sporcle

Score 0/248 Timer 10:00
0 Plays Today
Answer % Correct
the
100%
we
100%
here
100%
The
100%
I
100%
I
100%
we
100%
the
100%
Here,
100%
here,
100%
Here,
100%
here,
100%
I
100%
be
100%
here
100%
I
100%
be,
100%
be
100%
PRE-CHORUS
100%
I
100%
the
100%
I
100%
the
100%
I
100%
Here,
100%
here,
100%
be
100%
I
100%
Here,
100%
here,
100%
be
100%
I
100%
I
100%
I
100%
I
100%
I
100%
I
100%
I
100%
I
100%
I
100%
I
100%
I
100%
Four
90.9%
in
90.9%
morning,
90.9%
find
90.9%
ourselves
90.9%
my
90.9%
friends
90.9%
friends
90.9%
In
90.9%
a
90.9%
my
90.9%
family
90.9%
You
90.9%
are
90.9%
my
90.9%
you
90.9%
are
90.9%
my
90.9%
my
90.9%
friends
90.9%
You
90.9%
are
90.9%
my
90.9%
there
90.9%
Never
90.9%
felt
90.9%
comfortable,
90.9%
never
90.9%
No,
90.9%
there
90.9%
felt
90.9%
comfortable,
90.9%
never
90.9%
you're
90.9%
my
90.9%
CHORUS
90.9%
in
90.9%
in
90.9%
my
90.9%
family
90.9%
a
90.9%
Answer % Correct
You
90.9%
are
90.9%
my
90.9%
you
90.9%
are
90.9%
my
90.9%
my
90.9%
friends
90.9%
a
90.9%
You
90.9%
are
90.9%
my
90.9%
CHORUS
90.9%
me
90.9%
all
81.8%
old
81.8%
and
81.8%
familiar,
81.8%
familiar,
81.8%
and
81.8%
familiar,
81.8%
Oh,
81.8%
is
81.8%
would
81.8%
more
81.8%
for
81.8%
more
81.8%
when
81.8%
is
81.8%
would
81.8%
oh-oh
81.8%
more
81.8%
for
81.8%
more
81.8%
when
81.8%
doom
81.8%
day,
81.8%
familiar,
81.8%
familiar,
81.8%
familiar
81.8%
all
81.8%
would
81.8%
for)
81.8%
and
81.8%
familiar
81.8%
all
81.8%
would
81.8%
for)
81.8%
all
81.8%
us
72.7%
know
72.7%
where
72.7%
new
72.7%
I've
72.7%
as
72.7%
nowhere
72.7%
rather
72.7%
could
72.7%
want
72.7%
nowhere
72.7%
rather
72.7%
could
72.7%
want
72.7%
it
72.7%
best
63.6%
of
63.6%
passed
63.6%
out,
63.6%
don't
63.6%
who's
63.6%
got
63.6%
met
63.6%
of
63.6%
smoke
63.6%
met
63.6%
I'm
63.6%
near
63.6%
I'm
63.6%
Tuesday'll
63.6%
got
63.6%
out
63.6%
of
63.6%
don't
63.6%
Answer % Correct
we're
63.6%
don't
63.6%
we're
63.6%
don't
63.6%
we're
63.6%
ask
63.6%
met
63.6%
ask
63.6%
can't
63.6%
can't
63.6%
can't
63.6%
can't
63.6%
can't
63.6%
can't
63.6%
can't
63.6%
can't
63.6%
can't
63.6%
can't
63.6%
once
54.5%
before
54.5%
sink
54.5%
through
54.5%
floor
54.5%
hand
54.5%
going
54.5%
remember,
54.5%
remember
54.5%
remember,
54.5%
remember
54.5%
remember,
54.5%
remember
54.5%
remember,
54.5%
remember
54.5%
remember,
54.5%
remember
54.5%
Help
54.5%
piece
54.5%
together,
54.5%
darlin'
54.5%
blanket
45.5%
balloon
45.5%
hits,
45.5%
mind
45.5%
this
45.5%
POST-CHORUS
45.5%
care
45.5%
if
45.5%
talking
45.5%
same
45.5%
things
45.5%
care
45.5%
if
45.5%
stuck
45.5%
care
45.5%
if
45.5%
round
45.5%
circles
45.5%
Again,
45.5%
again,
45.5%
again
45.5%
POST-CHORUS
45.5%
Ooh
36.4%
Ooh,
36.4%
Time
36.4%
skips,
36.4%
losing
36.4%
bout
36.4%
(Might
36.4%
walking
36.4%
disaster)
36.4%
(Not
36.4%
much,
36.4%
(Might
36.4%
walking
36.4%
disaster)
36.4%
(Not
36.4%
much,
36.4%
ah-ah
27.3%
ah
27.3%
ah-ah,ah
18.2%
but
18.2%
but
18.2%

You're not logged in!

Compare scores with friends on all Sporcle quizzes.
OR
Log In

Show Comments

Extras

Top Quizzes Today


Score Distribution

Your Account Isn't Verified!

In order to create a playlist on Sporcle, you need to verify the email address you used during registration. Go to your Sporcle Settings to finish the process.

Report this User

Report this user for behavior that violates our Community Guidelines.

Details: